The Malaysia book of records /

Bibliographic Details
Main Author: DANNY Ooi
Format: Book
Published: Kuala Lumpur: R & D Communication, ( ).
Subjects:
LEADER 00686cam a2200241 7i4500
001 0000058518
005 20151104090000.0
005 ##20151104180300.0
002 ##000006653
003 ##MY-KlINT
008 151104 00010 eng
020 # # |a 9839949608  
039 # 9 |y 201511041803  |z VLOAD 
090 0 0 |a R 032.02 DAN  
100 1 # |a DANNY Ooi 
245 0 4 |a The Malaysia book of records /   |c Danny Ooi. 
260 # # |a Kuala Lumpur:   |b R & D Communication,   |c ( ). 
300 # # |a ( ) p:   |b 30cm. 
650 # 0 |a World records-Malaysia  
996 |a ikwas2000.out 
997 |a 3000083208  |b IKWS  |c MNF  |d BOK 
998 |a 0000005511 
999 |a 3000083208  |b BOOK  |c Main Non-Fiction  |e INTAN Kampus Wilayah Selatan